| 000 | 00795nam a22002297a 4500 | ||
|---|---|---|---|
| 999 |
_c15049 _d15049 |
||
| 003 | MIRAKIL | ||
| 005 | 20221024122308.0 | ||
| 008 | 221024b tu ||||| |||| 00| 0 tur d | ||
| 020 | _a9786058005709 | ||
| 040 |
_aTR-AnCHP _cTR-AnCHP |
||
| 041 | _atur | ||
| 082 |
_aATA 355.0092 _bL57m 2019 |
||
| 100 | _aLİtzmann, Karl | ||
| 245 | 1 | 0 |
_aMustafa Kemal Atatürk : _bTakımın muharebe talimi / _cKaarl Litzmann; yayına hazırlayan: Halil Aslantürk. |
| 260 |
_aİstanbul : _bKopernik, _c2019. |
||
| 300 |
_a99 s.: _bhrt.; tbl.; _c21 sm. |
||
| 490 | 0 |
_aKopernik kitap ; _aTarih ; _v123. _v15. |
|
| 600 | 1 | 4 |
_91465 _aAtatürk, Gazi Mustafa Kemal _cTürkiye Cumhuriyeti Kurucusu _d1881-1938 |
| 650 | 0 |
_97231 _aAskerlik _xEğitim |
|
| 700 |
_96637 _aAslantürk, Halil _eçev. |
||
| 942 |
_2ddc _cBKS |
||